000 00323nam a22001457a 4500
008 230502b ||||| |||| 00| 0 eng d
020 _a9781851099474
041 _aeng
080 _2VOLUME TWO
_a94
082 _a94TUC
100 _a30
101 _aHISTORI
245 _aMIDDLE EAST WARS
_cTUCKER.C.S
942 _2udc
_cBK
999 _c59650
_d59650